Catálogo
 En Linea

Christophe Colomb : (Registro nro. 33126)

Detalles MARC
000 -CABECERA
campo de control de longitud fija 00553nam a2200157 a 4500
001 - NÚMERO DE CONTROL
campo de control 000033635
005 - FECHA Y HORA DE LA ÚLTIMA TRANSACCIÓN
campo de control 20200930070413.0
008 - DATOS DE LONGITUD FIJA--INFORMACIÓN GENERAL
campo de control de longitud fija 110902s1859 fr 000 0 spa d
040 ## - FUENTE DE LA CATALOGACIÓN
Centro catalogador/agencia de origen DO-SdBNP
Lengua de catalogación spa
Centro/agencia transcriptor BNPHU
049 ## - FONDOS LOCALES (OCLC)
Fondos de biblioteca BNPD
100 1# - ENTRADA PRINCIPAL--NOMBRE DE PERSONA
Nombre de persona Roselly de Lorgues
9 (RLIN) 59110
245 10 - MENCIÓN DE TÍTULO
Título Christophe Colomb :
Resto del título histoire de sa vie et de ses voyages d'apres des documents autentiques tirés d'Espagne et d'Italie /
Mención de responsabilidad, etc. Roselly de Lorgues.
260 ## - PUBLICACIÓN, DISTRIBUCIÓN, ETC.
Lugar de publicación, distribución, etc. Paris :
Nombre del editor, distribuidor, etc. Didier et G,
Fecha de publicación, distribución, etc. 1859.
300 ## - DESCRIPCIÓN FÍSICA
Extensión v. :
Otras características físicas il., mapa. ;
Dimensiones 23 cm.
500 ## - NOTA GENERAL
Nota general La biblioteca posee el v. 1-2
Existencias
Estado de retiro Estado de pérdida Restricciones de uso No para préstamo Código de colección Localización permanente Ubicación/localización actual Ubicación en estantería Fecha de adquisición Número de inventario Total de préstamos Signatura topográfica completa Código de barras Fecha visto por última vez Precio válido a partir de Tipo de ítem Koha
      Excluido de préstamo Raros y valiosos Patrimonio Dominicano Patrimonio Dominicano En catalogación 02.09.2011 LF1   33635-10 25.06.2020 25.06.2020 No se presta
      Excluido de préstamo Raros y valiosos Patrimonio Dominicano Patrimonio Dominicano En catalogación 02.09.2011 LF1   v. 2 33635-20 25.06.2020 25.06.2020 No se presta

Con tecnología Koha